[Event "Regionalliga NW 0506"]
[Site "Bayern"]
[Date "2005.11.13"]
[Round "2.7"]
[White "Kuespert, Helmut"]
[Black "Bender, Thomas"]
[Result "1-0"]
[WhiteElo "1901"]
[BlackElo "1912"]
[PlyCount "57"]
[EventDate "2005.10.23"]
[EventType "team-tourn"]
[EventRounds "9"]
[EventCountry "GER"]
[SourceTitle "EXT 2007"]
[Source "ChessBase"]
[SourceDate "2006.11.23"]
[SourceVersion "1"]
[SourceVersionDate "2006.11.23"]
[SourceQuality "1"]

1. e4 c5 2. b3 d6 3. Bb2 Nc6 4. d3 Nf6 5. c3 g6 6. Be2 Bg7 7. Nd2 0-0 8. Qc2 a6 9. h3 b5 10. a3 Bb7 11. Ngf3 Rc8 12. c4 b4 13. a4 e5 14. 0-0-0 Nh5 15. g3 Bh6 16. Kb1 Qe8 17. Nh4 Rc7 18. Bxh5 gxh5 19. Nf5 Bg7 20. Nxd6 Qe6 21. Nf5 Rd7 22. f4 Rfd8 23. Nf3 f6 24. fxe5 fxe5 25. Qe2 Rf8 26. N3h4 Qe8 27. Rhf1 Bc8 28. Rf3 Rf6 29. Rdf1 1-0

[Event "Landesliga Nord 0405"]
[Site "Bayern"]
[Date "2005.01.30"]
[Round "6.7"]
[White "Werner, Claus"]
[Black "Bender, Thomas"]
[Result "1-0"]
[WhiteElo "2121"]
[BlackElo "1961"]
[PlyCount "77"]
[EventDate "2004.10.24"]
[EventType "team-tourn"]
[EventRounds "9"]
[EventCountry "GER"]
[SourceTitle "EXT 2008"]
[Source "ChessBase"]
[SourceDate "2007.11.25"]
[SourceVersion "1"]
[SourceVersionDate "2007.11.25"]
[SourceQuality "1"]
[WhiteTeam "Neutraubling"]
[BlackTeam "Bamberg SC II"]
[WhiteTeamCountry "GER"]
[BlackTeamCountry "GER"]

1. e4 c5 2. Nf3 d6 3. Bb5+ Bd7 4. Bxd7+ Qxd7 5. c4 Nc6 6. d4 cxd4 7. Nxd4 Nf6 8. f3 g6 9. Nc3 Bg7 10. Nde2 0-0 11. Be3 Rfd8 12. 0-0 h5 13. Rb1 Nh7 14. Qd2 Ne5 15. b3 b6 16. a4 Nf8 17. h3 Nc6 18. Nd5 e6 19. Ndc3 Nh7 20. Nb5 Bf8 21. Rfd1 Nf6 22. Kh1 Ne8 23. Qe1 Qb7 24. Qg3 Kh7 25. Rd2 a6 26. Nbc3 Rd7 27. f4 Rad8 28. Rf1 Ne7 29. f5 Bg7 30. Bd4 exf5 31. exf5 Be5 32. Qg5 Ng7 33. Bxe5 dxe5 34. Rxd7 Qxd7 35. Ne4 Ng8 36. fxg6+ fxg6 37. N2c3 Qe8 38. Nd5 Rxd5 39. cxd5 1-0

[Event "Landesliga Nord 0304"]
[Site "Bayern"]
[Date "2004.02.15"]
[Round "6.7"]
[White "Bender, Thomas"]
[Black "Putselyk, Sergiy"]
[Result "0-1"]
[WhiteElo "1966"]
[BlackElo "2136"]
[PlyCount "112"]
[EventDate "2003.10.??"]
[EventType "team"]
[EventRounds "9"]
[EventCountry "GER"]
[SourceTitle "EXT 2006"]
[Source "ChessBase"]
[SourceDate "2005.11.24"]
[SourceVersion "1"]
[SourceVersionDate "2005.11.24"]
[SourceQuality "1"]
[WhiteTeam "Bamberg II"]
[BlackTeam "Bindlach"]
[WhiteTeamCountry "GER"]
[BlackTeamCountry "GER"]

1. d4 f5 2. c4 Nf6 3. Nc3 g6 4. g3 Bg7 5. Bg2 d6 6. Nh3 0-0 7. 0-0 e5 8. dxe5 dxe5 9. Qb3 c6 10. Bg5 Qe7 11. Rad1 Be6 12. Rd2 Na6 13. Rfd1 h6 14. Bxf6 Bxf6 15. Qc2 Rad8 16. b3 g5 17. Kh1 Nb4 18. Qc1 g4 19. Ng1 Bg5 20. e3 e4 21. Bf1 h5 22. a3 Na6 23. Rxd8 Rxd8 24. Rxd8+ Qxd8 25. b4 h4 26. c5 hxg3 27. hxg3 Bf6 28. Bxa6 bxa6 29. Nge2 Bb3 30. Kg2 Qd3 31. Nd4 Bxd4 32. exd4 Qxd4 33. Qg5+ Qg7 34. Qd8+ Kh7 35. Qd2 Kg6 36. Ne2 Qe7 37. Nf4+ Kf7 38. Qe3 Bd1 39. Ne2 Qe5 40. Nd4 Bf3+ 41. Kf1 Qh8 42. Nxf3 gxf3 43. Ke1 Qa1+ 44. Kd2 Qb2+ 45. Ke1 Qc2 46. g4 Kg6 47. gxf5+ Kxf5 48. a4 Qb1+ 49. Kd2 Qxb4+ 50. Kc1 Qc4+ 51. Kd2 Qa2+ 52. Kc1 Qa1+ 53. Kc2 Qxa4+ 54. Kb2 Qb4+ 55. Ka2 Qc4+ 56. Kb1 Qf1+ 0-1

[Event "Landesliga Nord 0304"]
[Site "Bayern"]
[Date "2003.12.14"]
[Round "4.4"]
[White "Kirschneck, Toralf"]
[Black "Bender, Thomas"]
[Result "1-0"]
[WhiteElo "2193"]
[BlackElo "1966"]
[PlyCount "75"]
[EventDate "2003.10.??"]
[EventType "team"]
[EventRounds "9"]
[EventCountry "GER"]
[SourceTitle "EXT 2006"]
[Source "ChessBase"]
[SourceDate "2005.11.24"]
[SourceVersion "1"]
[SourceVersionDate "2005.11.24"]
[SourceQuality "1"]
[WhiteTeam "Marktleuthen"]
[BlackTeam "Bamberg II"]
[WhiteTeamCountry "GER"]
[BlackTeamCountry "GER"]

1. d4 Nf6 2. c4 g6 3. Nc3 Bg7 4. e4 d6 5. Nf3 0-0 6. h3 e5 7. Bg5 Nbd7 8. Be2 c6 9. 0-0 Qa5 10. Rb1 Re8 11. b4 Qc7 12. d5 a5 13. dxc6 bxc6 14. b5 Bb7 15. b6 Qb8 16. Qc2 Rc8 17. Rfd1 Nc5 18. Be3 Ne6 19. Qa4 Nd7 20. Rd2 f5 21. Qd1 Bf8 22. Rdb2 Nf6 23. Ng5 Nxg5 24. Bxg5 Ne8 25. exf5 gxf5 26. Qd3 e4 27. Qg3 Kh8 28. Qf4 d5 29. Qxf5 Qd6 30. Qf7 Bg7 31. Rc2 Qg6 32. Qxg6 hxg6 33. Bg4 Nd6 34. Bxc8 Rxc8 35. cxd5 cxd5 36. Rbc1 Nc4 37. Nxe4 Rc6 38. Nd2 1-0

[Event "Regionalliga NW 9900"]
[Site "Bayern"]
[Date "2000.??.??"]
[Round "8.8"]
[White "Bender, Thomas"]
[Black "Christ, Rene"]
[Result "1-0"]
[WhiteElo "1965"]
[BlackElo "1850"]
[PlyCount "65"]
[EventDate "1999.??.??"]
[EventType "team-tourn"]
[EventRounds "9"]
[EventCountry "GER"]
[SourceTitle "EXT 2020"]
[Source "ChessBase"]
[SourceDate "2019.10.17"]
[SourceVersion "1"]
[SourceVersionDate "2019.10.17"]
[SourceQuality "1"]
[WhiteTeam "Bamberg SC III"]
[BlackTeam "Sailauf"]
[WhiteTeamCountry "GER"]
[BlackTeamCountry "GER"]

1. d4 Nf6 2. Nf3 g6 3. g3 Bg7 4. Bg2 c6 5. 0-0 0-0 6. c4 d5 7. h3 Nbd7 8. Nc3 dxc4 9. e4 Nb6 10. a4 a5 11. Be3 e6 12. Qe2 Nfd7 13. Rfd1 Qe7 14. Ne5 Qb4 15. f4 Nf6 16. Kh2 Ra6 17. Rd2 Rd8 18. Bf1 Bd7 19. Qg2 Be8 20. g4 Kf8 21. Qf2 Nfd7 22. Nf3 Kg8 23. Ng5 Nf6 24. d5 Bf8 25. dxe6 Rxd2 26. exf7+ Bxf7 27. Qxd2 Bc5 28. Bxc5 Qxc5 29. Nf3 Ra8 30. Ne5 Re8 31. Nxf7 Kxf7 32. Re1 Nbd7 33. g5 1-0